000
00265nam a22001097a 4500
008
170126b xxu||||| |||| 00| 0 eng d
020
_a
9780071438322
041
_a
eng
080
_2
3RD
_a
61
245
_a
CURRENT ESSENTIALS OF MEDICINE
_c
TIERNEY, L.M
942
_2
udc
_c
BK
999
_c
3705
_d
3705